[Event "Pan American-ch School U13"]
[Site "Medellin"]
[Date "2019.11.16"]
[Round "7"]
[White "Gonzalez Franco, Andres Jeshua"]
[Black "Reyes Zavaleta, Fabian Ricardo"]
[Result "0-1"]
[WhiteElo "1425"]
[BlackElo "1710"]
[PlyCount "55"]
[EventDate "2019.11.12"]
[EventType "swiss"]
[EventRounds "9"]
[EventCountry "COL"]
[SourceTitle "CBM 193 Extra"]
[Source "ChessBase"]
[SourceDate "2020.01.31"]
[SourceVersion "1"]
[SourceVersionDate "2020.01.31"]
[SourceQuality "1"]

1. e4 c5 2. Nf3 d6 3. d4 cxd4 4. Nxd4 Nf6 5. Nc3 g6 6. Be3 e5 7. Nb3 Be6 8. Bg5 Nbd7 9. Bd3 Be7 10. 0-0 0-0 11. f4 exf4 12. Rxf4 Ne5 13. h3 h6 14. Bxf6 Bxf6 15. Qe2 Bg5 16. Rff1 b5 17. Kh1 Nc4 18. Rab1 Bf6 19. Nd5 Bxd5 20. exd5 Nxb2 21. Bf5 Nc4 22. Nd2 Re8 23. Ne4 Bg5 24. Qf3 Rb8 25. Nxg5 Qxg5 26. Rbe1 Rbd8 27. Rxe8+ Rxe8 28. Qd1 0-1

[Event "Tunja Boyaca op-B"]
[Site "Tunja"]
[Date "2019.08.03"]
[Round "6"]
[White "Gonzalez Franco, Andres Jeshua"]
[Black "Rey Serrano, Jorge Enrique"]
[Result "0-1"]
[WhiteElo "1360"]
[BlackElo "1694"]
[PlyCount "68"]
[EventDate "2019.07.31"]
[EventType "swiss"]
[EventRounds "9"]
[EventCountry "COL"]
[SourceTitle "EXT 2020"]
[Source "ChessBase"]
[SourceDate "2019.10.17"]
[SourceVersion "1"]
[SourceVersionDate "2019.10.17"]
[SourceQuality "1"]

1. e4 c5 2. Nf3 d6 3. d4 cxd4 4. Nxd4 Nf6 5. Nc3 a6 6. Be2 e6 7. 0-0 Be7 8. Be3 0-0 9. Kh1 Qc7 10. f4 Nc6 11. Bf3 Bd7 12. Qe2 Rac8 13. Rae1 Rfe8 14. Bg1 Nxd4 15. Bxd4 e5 16. fxe5 dxe5 17. Be3 Be6 18. Bg5 Bc4 19. Qf2 h6 20. Bxf6 Bxf6 21. Be2 Be6 22. Qg3 Qe7 23. Rd1 Red8 24. Bg4 Rxd1 25. Rxd1 Rd8 26. Rf1 Rd2 27. Bxe6 fxe6 28. Rc1 b5 29. Nb1 Rd4 30. Qf3 Qd6 31. g3 Qc6 32. Kg2 Bg5 33. Re1 Qxc2+ 34. Qe2 Qc6 0-1

[Event "Bogota Mayores Alcaldia op 8th"]
[Site "Bogota"]
[Date "2018.06.11"]
[Round "6"]
[White "Gonzalez Franco, Andres Jeshua"]
[Black "Madera Gaona, Jeferson Santiago"]
[Result "1-0"]
[WhiteElo "1536"]
[BlackElo "1523"]
[PlyCount "29"]
[EventDate "2018.06.08"]
[EventType "swiss"]
[EventRounds "7"]
[EventCountry "COL"]
[SourceTitle "CBM 184 Extra"]
[Source "ChessBase"]
[SourceDate "2018.06.28"]
[SourceVersion "1"]
[SourceVersionDate "2018.06.28"]
[SourceQuality "1"]

1. e4 e5 2. Nf3 d6 3. Bc4 Be7 4. 0-0 Nh6 5. d3 Rf8 6. Bxh6 gxh6 7. Nbd2 f5 8. Qe2 fxe4 9. dxe4 Bg4 10. h3 Bxf3 11. Nxf3 Nc6 12. Rad1 Na5 13. Nxe5 Nxc4 14. Qh5+ Rf7 15. Qxf7# 1-0

[Event "Bogota Mayores Alcaldia op 8th"]
[Site "Bogota"]
[Date "2018.06.10"]
[Round "5"]
[White "Pena Mora, Carlos"]
[Black "Gonzalez Franco, Andres Jeshua"]
[Result "1-0"]
[WhiteElo "1529"]
[BlackElo "1536"]
[PlyCount "87"]
[EventDate "2018.06.08"]
[EventType "swiss"]
[EventRounds "7"]
[EventCountry "COL"]
[SourceTitle "CBM 184 Extra"]
[Source "ChessBase"]
[SourceDate "2018.06.28"]
[SourceVersion "1"]
[SourceVersionDate "2018.06.28"]
[SourceQuality "1"]

1. Nf3 d5 2. c4 c6 3. e3 Nf6 4. d4 e6 5. a3 Nbd7 6. b4 Be7 7. Nc3 0-0 8. Bd3 dxc4 9. Bxc4 Qc7 10. 0-0 Rd8 11. Qb3 b6 12. h3 Bb7 13. Bxe6 fxe6 14. Qxe6+ Kh8 15. Qxe7 Re8 16. Qf7 Rf8 17. Qa2 c5 18. Qe2 cxd4 19. Nb5 Qc6 20. Nbxd4 Qe4 21. Bb2 Ne5 22. Rac1 Nh5 23. Ne1 Nf4 24. exf4 Qxf4 25. Ne6 Nf3+ 26. Nxf3 Bxf3 27. Nxf4 Bxe2 28. Nxe2 Rad8 29. Nd4 Rfe8 30. Rfe1 h6 31. Ne6 Rb8 32. Rc7 Rg8 33. Nxg7 Kh7 34. Nf5+ Kg6 35. Ne7+ Kg5 36. Nxg8 Rxg8 37. Rg7+ Rxg7 38. Bxg7 Kg6 39. Re7 a6 40. a4 b5 41. axb5 axb5 42. g4 h5 43. f4 hxg4 44. hxg4 1-0